000 05113 a2200253 4500
999 _c11055
_d11055
020 _a9780123819963 (alk. paper)
020 _a0123819962 (alk. paper)
050 0 0 _aQH541.5
_bBIO 2010
100 _a Likens, Gene E.
_eeditor
245 0 0 _aBiogeochemistry of inland waters :
_ba derivative of Encyclopedia of inland waters /
_ceditor, Gene E. Likens.
264 _aAmsterdam :
_bElsevier/Academic Press,
_cc2010
300 _axvi, 728 pages. :
_billustrations (some col.), maps (some col.) ;
336 _2rdacontent
_atext
_btxt
337 _2rdamedia
_aunmediated
_bn
338 _2rdacarrier
_avolume
_bnc
504 _aIncludes bibliographical references and index.
505 _a
520 _aExamines the transformation, flux and cycling of chemical compounds in aquatic and terrestrial ecosystems, combining aspects of biology, ecology, geology, and chemistry. This text describes biogeochemical cycles of organic and inorganic elements and compounds in freshwater ecosystems.
650 0 _aFresh water.
650 0 _aBiogeochemistry.
700 1 _aLikens, Gene E.,
_d1935-
_eeditor
942 _2lcc
_cBK
_h415
_iBIO
_kQH